|
|
|
|
| LEADER |
00000nbm0a2200000 4500 |
| 001 |
46901 |
| 005 |
20231101211045.0 |
| 035 |
|
|
|a (RuTPU)RU\TPU\book\48972
|
| 090 |
|
|
|a 46901
|
| 100 |
|
|
|a 20030129j19880217k y0rusy50 ca
|
| 101 |
0 |
|
|a rus
|
| 102 |
|
|
|a RU
|
| 105 |
|
|
|a a m 001zy
|
| 200 |
1 |
|
|a Колебания и демпфирующие свойства гибких кабелей
|e диссертация на соискание ученой степени кандидата технических наук
|e спец. 01.02.06.
|f И. В. Чернин
|g Томский политехнический институт; науч. рук. В. М. Мусалимов
|
| 210 |
|
|
|a Томск
|d 1987
|
| 215 |
|
|
|a 170 л.
|c ил.
|
| 300 |
|
|
|a Защищена 17.02.1988 г.
|
| 320 |
|
|
|a Библиогр.: с. 135-143 (93 назв.).
|
| 606 |
1 |
|
|a Кабели гибкие
|x Физико-механические свойства
|2 stltpush
|3 (RuTPU)RU\TPU\subj\13355
|9 39973
|
| 610 |
1 |
|
|a динамика
|
| 610 |
1 |
|
|a прочность
|
| 610 |
1 |
|
|a машины
|
| 610 |
1 |
|
|a колебания
|
| 610 |
1 |
|
|a испытания
|
| 610 |
1 |
|
|a коэффициент жесткости
|
| 610 |
1 |
|
|a коэффициент вязкости
|
| 610 |
1 |
|
|a диссертации
|
| 675 |
|
|
|a 621.315.2(048)
|v 3
|
| 686 |
|
|
|a 01.02.06.
|2 oksvnk
|
| 700 |
|
1 |
|a Чернин
|b И. В.
|g Игорь Вениаминович
|
| 702 |
|
1 |
|a Мусалимов
|b В. М.
|4 727
|
| 712 |
0 |
2 |
|a Томский политехнический институт
|2 stltpush
|3 (RuTPU)RU\TPU\col\1123
|
| 801 |
|
1 |
|a RU
|b 63413507
|c 20030129
|g PSBO
|
| 801 |
|
2 |
|a RU
|b 63413507
|c 20141117
|g PSBO
|
| 942 |
|
|
|c BK
|